|
|
|
|
| LEADER |
00000nab a2200000 a 4500 |
| 001 |
vtls011111922 |
| 003 |
SK-MaSNL |
| 005 |
20260303150826.0 |
| 008 |
230222|1998 xo |||||||||||||||||slo| |
| 015 |
|
|
|a SNBRB
|
| 035 |
|
|
|a (uuid)5049f50e-ce0b-4223-99c0-1ec3640a2a1c
|
| 035 |
|
|
|a (urnnbn)urn:nbn:sk:snk:ar-a08ftn
|
| 035 |
|
|
|a urn:nbn:sk:snk-ab9iey
|
| 040 |
|
|
|a SNKBUCL
|b slo
|c SNKBUCL
|e AACR2
|
| 041 |
0 |
|
|a slo
|
| 044 |
|
|
|a xo
|c SK
|
| 100 |
1 |
|
|a Lipa, Zdenko,
|d 1944-
|4 aut
|9 213055
|
| 245 |
1 |
0 |
|a PRÍSPEVOK K USTAVENIU KUŽELÍKOV NA PODPERNÝCH KLADKÁCH PRI BEZHROTOVOM SUPERFINIŠOVANÍ
|c Zdenko Lipa
|
| 773 |
0 |
|
|t Vedecké práce Materiálovotechnologickej fakulty Slovenskej technickej univerzity v Bratislave so sídlom v Trnave
|g Č. 6 (1998), s. 43-47
|
| 954 |
|
|
|a odborná, vedecká literatúra pôvodná (slovenská)
|2 lita
|
| 958 |
|
|
|a OND
|
| 958 |
|
|
|a EUIPO
|
| 958 |
|
|
|a article13
|
| 999 |
|
|
|c 2013751
|d 2015681
|